30 titres de chansons en B - Statistiques

Statistiques générales
  • Ce quiz a été pris 132 fois
  • Le résultat moyen est 12 sur 30
Statistiques - réponses
Hint Réponse % Correct
Justin Bieber Baby
93%
Gims Bella
82%
Aqua Barbie girl
81%
Charles Aznavour La bohème
76%
Angèle Balance ton quoi
74%
13 Organisée Bande organisée
70%
Lio Banana split
69%
Britney Spears Baby one more time
66%
Queen Bohemian Rhapsody
59%
Michaël Jackson Billie Jean
55%
Lady Gaga Bad romance
50%
Patrick Hernandez Born to be alive
50%
The weeknd Blinding light
46%
Cher Believe
43%
Superbus Butterfly
40%
Benson Boone Beautiful things
34%
Sabrina Boys
32%
Bruce Springsteen Born in the USA
31%
Dalida Bambino
30%
Carlos Big bisous
29%
Gérard Lenorman La ballade des gens heureux
29%
Enrique Iglesias Bailando
17%
Claude François Belle belle belle
17%
Florent Pagny Bienvenue chez moi
17%
MC Solaar Bouge de là
17%
Mika Boum boum boum
15%
Carla Lazzari Bim bam toi
12%
Pinkfong Baby shark
7%
Sheila Bang bang
7%
Joyce Jonathan Le bonheur
1%
Aucun quiz correspondant
Distribution des résultats
% des personnes avec chaque résultat
Percentile par nombre de réponses
Votre historique - résultats
Vous n’avez pas pris ce quiz